| 000 | 00607nam a2200145Ia 4500 | ||
|---|---|---|---|
| 008 | 100122s9999 xx 000 0 und d | ||
| 082 |
_b22185 _a294.5 |
||
| 100 | _aसद्भक्ति प्रसारक मंडळी | ||
| 245 | _aश्रीरामकृष्ण जयंती प्रवचन | ||
| 260 |
_bसद्भक्ति प्रसारक मंडळी _c1927 |
||
| 300 | _a32 | ||
| 630 | _aश्रीरामकृष्ण जयंती प्रवचन | ||
| 730 | _aश्रीरामकृष्ण जयंती प्रवचन | ||
| 942 | _cBOOK | ||
| 999 |
_c410088 _d410085 |
||